|
|
|
|
| LEADER |
00000naa a2200000uu 4500 |
| 001 |
vtls011052739 |
| 003 |
SK-MaSNL |
| 005 |
20260302145622.0 |
| 008 |
210904|2008 xo |||||||||||||||||slo| |
| 015 |
|
|
|a SNBRA
|
| 035 |
|
|
|a (urnnbn)urn:nbn:sk:snk:ar-a0bw1q
|
| 035 |
|
|
|a (uuid)cf99652e-e992-4585-bc8a-7e04ba1b1e21
|
| 035 |
|
|
|a urn:nbn:sk:snk-aav2sp
|
| 040 |
|
|
|a SNKBUCL
|b slo
|c SNKBUCL
|e AACR2
|
| 041 |
0 |
|
|a slo
|
| 044 |
|
|
|a xo
|c SK
|
| 100 |
1 |
|
|a Dohňanská, Elena,
|d 1947-
|4 aut
|9 8719
|
| 245 |
1 |
0 |
|a RENOVATION OF FOLK ARCHITECTURE
|c Elena Dohňanská
|
| 246 |
3 |
|
|a OBNOVA ĽUDOVEJ ARCHITEKTÚRY
|
| 773 |
0 |
|
|t Vidiecke stavby 2008
|d Bratislava : Slovenská technická univerzita, 2008
|g S. [119]-120
|z 9788022729413
|
| 958 |
|
|
|a OND
|
| 958 |
|
|
|a article12
|
| 958 |
|
|
|a chapter
|
| 999 |
|
|
|c 1354913
|d 1356843
|